On deconstruction : (Record no. 1721)

MARC details
000 -LEADER
fixed length control field 00577pam a2200193 4500
001 - CONTROL NUMBER
control field 2177
005 - DATE AND TIME OF LATEST TRANSACTION
control field 20181127164711.0
008 - FIXED-LENGTH DATA ELEMENTS--GENERAL INFORMATION
fixed length control field 820419s1982 nyu b 001 0 eng
010 ## - LIBRARY OF CONGRESS CONTROL NUMBER
LC control number 82007414
020 ## - INTERNATIONAL STANDARD BOOK NUMBER
International Standard Book Number 0801413222
International Standard Book Number 0801492017 (pbk.)
100 1# - MAIN ENTRY--PERSONAL NAME
Personal name Culler, Jonathan D.
245 10 - TITLE STATEMENT
Title On deconstruction :
Remainder of title theory and criticism after structuralism /
Statement of responsibility, etc. Jonathan Culler.
260 ## - PUBLICATION, DISTRIBUTION, ETC.
Place of publication, distribution, etc. Ithaca, N.Y. :
Name of publisher, distributor, etc. Cornell University Press,
Date of publication, distribution, etc. 1982.
300 ## - PHYSICAL DESCRIPTION
Extent 307 p. ;
Dimensions 23 cm.
500 ## - GENERAL NOTE
General note Includes index.
504 ## - BIBLIOGRAPHY, ETC. NOTE
Bibliography, etc. note Bibliography: p. 281-302.
650 #0 - SUBJECT ADDED ENTRY--TOPICAL TERM
Topical term or geographic name entry element Deconstruction.
Holdings
Withdrawn status Lost status Source of classification or shelving scheme Damaged status Not for loan Collection code Home library Current library Shelving location Serial Enumeration / chronology Inventory number Total Checkouts Full call number Barcode Date last seen Price effective from Koha item type
    Dewey Decimal Classification     Main TEST RTC Library RTC Library Main opac 1705   801.95 CUL 30001092 27/11/2018 27/11/2018 Main
Royal Thimphu College || All Right Reserved